Academia Mato-grossense de Letras : (Record no. 1436)

MARC details
000 -LÍDER
Campo Fixo de Controle 00822nam a2200217 a 4500
001 - NÚMERO DE CONTROLE
Campo de Controle 1436
003 - IDENTIFICAÇÃO DO NÚMERO DE CONTROLE
Campo de Controle BR-CuiBMT
005 - DATA E HORA DA ÚLTIMA ATUALIZAÇÃO
Campo de Controle 20231212191845.0
008 - DADOS FIXOS
Dados Fixos 231209b2011 mtba 000 0 por d
040 ## - AGÊNCIA CATALOGADORA
Código da Agência Catalogadora BR-CuiBMT
Agência que transcreveu o registro BR-CuiBMT
080 ## - Nº DA CLASSIFICAÇÃO DECIMAL UNIVERSAL
Nº edição CDU 2007
Nº Class. CDU 001.32:82
Subd. Auxiliar Comum (817.2)
090 ## - NÚMERO DE CHAMADA
Nº classificação 001.32:82(817.2)
Cutter A168
245 00 - TÍTULO PRINCIPAL
Título principal Academia Mato-grossense de Letras :
Subtítulo 90 anos (1921-2011) /
Indicação de responsabilidade Nilza Queiroz Freire, Elizabeth Madureira Siqueira, Gislaine Figueiredo Pissurno Motta Pinto (orgs.).
260 ## - PUBLICAÇÃO, DISTRIBUIÇÃO, ETC.
Local de publicação Cuiabá :
Editora AML,
Data 2011.
300 ## - DESCRIÇÃO FÍSICA
N. páginas ou volumes 154 p. :
Ilustrações il. color. ;
Dimensões 28 cm
650 ## - ASSUNTO TÓPICO
Cabeçalho tópico ou nome geográfico Academia mato-grossense de letras
Subdivisão de forma História
Subdivisão geográfica Mato Grosso
700 1# - ENTRADA SECUNDÁRIA -- NOME PESSOAL
Nome pessoal Freire, Nilza Queiroz
Cód. do termo explicativo org.
700 1# - ENTRADA SECUNDÁRIA -- NOME PESSOAL
Nome pessoal Siqueira, Elizabeth Madureira,
Datas associadas ao nome 1947-
Cód. do termo explicativo org.
700 1# - ENTRADA SECUNDÁRIA -- NOME PESSOAL
Nome pessoal Pinto, Gislaine Figueiredo Pissurno Motta
Cód. do termo explicativo org.
942 ## - ELEMENTOS DE ENTRADA ADICIONAIS (KOHA)
Fonte de classificação ou esquema de arquivamento Classificação Decimal Universal
Tipo de item do Koha Livros
Holdings
Estado: removido Estado: perdido Fonte de classificação ou esquema de arquivamento Estado: danificado Indisponível para empréstimo Localização permanente Localização atual Data de aquisição Total Checkouts Número de Chamada completo Código de barras Date last seen Número do exemplar Preço efetivo a partir de Tipo de item (Koha)
    Classificação Decimal Universal     Biblioteca da Escola Superior de Contas do TCE/MT Biblioteca da Escola Superior de Contas do TCE/MT 09/12/2023   001.32:82(817.2) A168 BIBTCEMT23120326 09/12/2023 Ex. 1 09/12/2023 Livros
    Classificação Decimal Universal     Biblioteca da Escola Superior de Contas do TCE/MT Biblioteca da Escola Superior de Contas do TCE/MT 12/12/2023   001.32:82(817.2) A168 BIBTCEMT23120402 12/12/2023 Ex. 2 12/12/2023 Livros
    Classificação Decimal Universal     Biblioteca da Escola Superior de Contas do TCE/MT Biblioteca da Escola Superior de Contas do TCE/MT 14/12/2023   001.32:82(817.2) A168 BIBTCEMT23120469 14/12/2023 Ex. 3 14/12/2023 Livros
    Classificação Decimal Universal     Biblioteca da Escola Superior de Contas do TCE/MT Biblioteca da Escola Superior de Contas do TCE/MT 14/12/2023   001.32:82(817.2) A168 BIBTCEMT23120470 14/12/2023 Ex. 4 14/12/2023 Livros
    Classificação Decimal Universal     Biblioteca da Escola Superior de Contas do TCE/MT Biblioteca da Escola Superior de Contas do TCE/MT 14/12/2023   001.32:82(817.2) A168 BIBTCEMT23120471 14/12/2023 Ex. 5 14/12/2023 Livros
    Classificação Decimal Universal     Biblioteca da Escola Superior de Contas do TCE/MT Biblioteca da Escola Superior de Contas do TCE/MT 14/12/2023   001.32:82(817.2) A168 BIBTCEMT23120628 15/12/2023 Ex. 6 14/12/2023 Livros

Powered by Koha